| 000 | 01086nam a2200205Ia 4500 | ||
|---|---|---|---|
| 003 | Ost | ||
| 005 | 20260507074852.0 | ||
| 008 | 260507s9999||||xx |||||||||||||| ||und|| | ||
| 040 | _cfsecg | ||
| 041 | _aara | ||
| 082 | _a658.1 | ||
| 100 |
_aالقباني، ثناء علي _eمؤلف |
||
| 245 | 0 |
_aمدخل استراتيجي لدراسات متقدمة في إدارة التكلفة وتحليل الربحية / _c ثناء علي القباني |
|
| 260 |
_aالاسكندرية: _bالدار الجامعية, _c2006 |
||
| 300 |
_a599 صفحة؛ _bإيضاحات ؛ _c24 سم |
||
| 520 | _aإدارة التكاليف على أساس النشاط، التكاليف المعيارية والموازنة المرنة وتحليل الانحرافات، الموازنة المرنة وتحليل انحرافات التكاليف غير المباشرة، تحديد تكلفة المخزون، قرارات التسعير وادارة التكلفة، تحليل الربحية | ||
| 653 | _aالإدارة- تكاليف | ||
| 653 | _aالمخزون | ||
| 942 | _cكتاب | ||
| 999 |
_c41582 _d41582 |
||